01154nam a2200193Ia 4500001000900000003001000009008004100019040002500060041001300085100001200098245009000110250001100200260006700211300001300278500025600291501011400547520025600661650004300917L103-584IT-CnALBA170116s9999||||xx |||||||||||||| ||und|| aIT-CnALBAcIT-CnALBA aITALIANO aAA. VV. 0aGRANDE ANTOLOGIA FILOSOFICA. VOL. VII. IL PENSIERO DELLA RINASCENZA E DELLA RIFORMA.  a1a ed. a MILANO - COMObMARZORATI CARLO EDITORE c1964 [1° Ed.: n.d.] a1009 p.  aDIREZIONE SCIACCA M. FEDERICO. COORDINATORI: MOSCHETTI A. E SCHIAVONE M. AUTORI E CORRENTI FILOSOFICHE SONO CORREDATI DI INTRODUZIONE E TESTI ESEMPLARI. IL PENSIERO DELLA RINASCENZA: FRANCIA PENISOLA IBERICA GERMANIA INGHILTERRA. ERASMO DA ROTTERDAM.  aSocietà San Paolo EM - Piazza San Paolo, 14 - 12051 ALBA (CN) (non commercial uses only) ® Copyright 2017 aDIREZIONE SCIACCA M. FEDERICO. COORDINATORI: MOSCHETTI A. E SCHIAVONE M. AUTORI E CORRENTI FILOSOFICHE SONO CORREDATI DI INTRODUZIONE E TESTI ESEMPLARI. IL PENSIERO DELLA RINASCENZA: FRANCIA PENISOLA IBERICA GERMANIA INGHILTERRA. ERASMO DA ROTTERDAM.  aDIZIONARI ED ENCICLOPEDIE DI FILOSOFIA